El Indice de desarrollo humano de veinte países de América Latina /
Guardat en:
| Autor principal: | |
|---|---|
| Altres autors: | |
| Format: | Text |
| Matèries: | |
| Etiquetes: |
Afegir etiqueta
Sense etiquetes, Sigues el primer a etiquetar aquest registre!
|
MARC
| LEADER | 00000 a a2200000 04500 | ||
|---|---|---|---|
| 001 | 3585 | ||
| 003 | |||
| 040 | |||
| 100 | |a Méndez Delgado, Elier | ||
| 245 | |a El Indice de desarrollo humano de veinte países de América Latina / |c Elier Méndez Delgado | ||
| 500 | |a Resumen también en inglés páginas 1107 | ||
| 650 | |a DESARROLLO HUMANO | ||
| 650 | |a ANALISIS COMPARATIVO | ||
| 650 | |a AMERICA LATINA | ||
| 650 | |a INGRESO | ||
| 650 | |a INDICES | ||
| 700 | |a Lloret Feijóo, María del Carmen | ||
| 773 | |g volumen 55, número 12; páginas 1078-1088 | ||
| 999 | |c 24981 |d 24981 | ||
